Loading...

Der Triumphzug Kaiser Maximilians I. : 1516 - 1518 ; 147 Holzschnitte

Saved in:
Bibliographic Details
Other Authors: Altdorfer, Albrecht (Illustrator)
Appuhn, Horst (VerfasserIn eines Nachworts)
Document Type: Book
Language:German
Published: Dortmund : Harenberg Kommunikation , 1979
Edition:Wiedergabe nach der vierten Ausgabe des Triumphzuges durch Franz Schestag, Wien 1883-84, die darin fehlenden Blätter wurden reproduziert nach Originalen ...
Series:Die bibliophilen Taschenbücher 100
Subjects:
Author Notes:von Albrecht Altdorfer; Hans Burgkmair; Albrecht Dürer u.a. Mit dem von Kaiser Maximilian diktierten Programm und einem Nachwort von Horst Appuhn
LEADER 03381cam a2200649 c 4500
001 023763817
003 DE-627
005 20260401153223.0
007 tu
008 710101s1979 gw ||||| 00| ||ger c
015 |a 80,A49,0577  |2 dnb 
016 7 |a 80A49,490  |2 DE-101 
020 |a 3883791008  |9 3-88379-100-8 
035 |a (DE-627)023763817 
035 |a (DE-603)055214258 
035 |a (DE-576)041942892 
035 |a (DE-599)GBV023763817 
035 |a (OCoLC)613775616 
040 |a DE-627  |b ger  |c DE-627  |e rakwb 
041 |a ger 
044 |c XA-DE 
084 |a 12a  |a 14a  |a 26b  |2 sdnb 
084 |a 9,10  |2 ssgn 
084 |a LK 85150  |2 rvk  |0 (DE-625)rvk/98552: 
245 0 4 |a Der Triumphzug Kaiser Maximilians I.  |b 1516 - 1518 ; 147 Holzschnitte  |c von Albrecht Altdorfer; Hans Burgkmair; Albrecht Dürer u.a. Mit dem von Kaiser Maximilian diktierten Programm und einem Nachwort von Horst Appuhn 
246 3 0 |a eins ersten fünfzehnhundertsechzehn fünfzehnhundertachtzehn 
250 |a Wiedergabe nach der vierten Ausgabe des Triumphzuges durch Franz Schestag, Wien 1883-84, die darin fehlenden Blätter wurden reproduziert nach Originalen ... 
264 1 |a Dortmund  |b Harenberg Kommunikation  |c 1979 
300 |a 205 Seiten  |b überw. Illustrationen  |c 18 cm 
336 |a Text  |b txt  |2 rdacontent 
337 |a ohne Hilfsmittel zu benutzen  |b n  |2 rdamedia 
338 |a Band  |b nc  |2 rdacarrier 
490 1 |a Die bibliophilen Taschenbücher  |v 100 
500 |a Die Vorl. enth. insgesamt 3 Werke 
505 8 |a Literaturverz. S. 204 - 205 
583 1 |a Archivierung/Langzeitarchivierung gewährleistet  |f SSG  |x XA-DE-BW  |2 pdager  |5 DE-16 
600 1 4 |a Maximilian <Römisch-deutsches Reich, Kaiser, I.> / i. d. Bildenden Kunst 
630 0 7 |0 (DE-588)4149150-6  |0 (DE-627)105563498  |0 (DE-576)209770244  |a Der Triumphzug Kaiser Maximilians I.  |2 gnd 
650 4 |a Holzschnitt 
650 4 |a Jahrhundert, 16. / Bildende Kunst 
650 4 |a Holzschnitt 
650 4 |a Jahrhundert, 16. / Bildende Kunst 
689 0 0 |d u  |0 (DE-588)4149150-6  |0 (DE-627)105563498  |0 (DE-576)209770244  |a Der Triumphzug Kaiser Maximilians I.  |2 gnd 
689 0 |5 (DE-627) 
700 1 |a Altdorfer, Albrecht  |d 1480-1538  |e Ill.  |0 (DE-588)118502220  |0 (DE-627)079307035  |0 (DE-576)160062306  |4 ill 
700 1 |a Burgkmair, Hans  |d 1473-1531  |0 (DE-588)118665200  |0 (DE-627)139238026  |0 (DE-576)209256893  |4 oth 
700 1 |a Dürer, Albrecht  |d 1471-1528  |0 (DE-588)11852786X  |0 (DE-627)133817024  |0 (DE-576)160794544  |4 oth 
700 1 |a Appuhn, Horst  |d 1924-1990  |e VerfasserIn eines Nachworts  |0 (DE-588)117763322  |0 (DE-627)079178782  |0 (DE-576)160094038  |4 waw 
700 0 |a Maximilian  |b I.  |c Heiliges Römisches Reich, Kaiser  |d 1459-1519  |0 (DE-588)118579371  |0 (DE-627)079373992  |0 (DE-576)16217098X  |4 oth 
830 4 |a Die bibliophilen Taschenbücher  |v 100  |9 100  |w (DE-627)130456381  |w (DE-576)016020790  |w (DE-600)720918-6  |x 3054-4297  |7 am 
935 |i SLoT 
935 |i Blocktest 
936 r v |a LK 85150  |b Holzschnitt, Linolschnitt  |k Kunstgeschichte  |k Kunst nach Ländern bzw. Kontinenten  |k Deutschland  |k Deutsche Kunstgeschichte nach Gattungen  |k Zeichnung und Grafik  |k Material und Technik einzelner Gattungen und ihre Geschichte  |k Holzschnitt, Linolschnitt  |0 (DE-627)1270640895  |0 (DE-625)rvk/98552:  |0 (DE-576)200640895 
936 s n |a l300  |2 mzub 
951 |a BO 
990 |a Der Triumphzug Kaiser Maximilians I. 
999 |a KXP-PPN023763817  |e 3274342513